LEADER 01020nam0-2200313---450- 001 990008137120403321 005 20050627121000.0 010 $a3-428-10285-1 035 $a000813712 035 $aFED01000813712 035 $a(Aleph)000813712FED01 035 $a000813712 100 $a20050627d2003----km-y0itay50------ba 101 0 $ager 102 $aDE 105 $ay---m---001yy 200 1 $a<>verwaltungsvertrag im Städtebaurecht$einhaltliche und dogmatische Aspekte der gesetzlichen Regelung des städtebaulichen Vertrages in 11 BauGB$fvon Christian Hamann 210 $aBerlin$cDuncker und Humblot$dc2003 215 $a308 p.$d24 cm 225 1 $aSchriften zum öffentlichen Recht$v919 676 $a346.43045$v21$zita 700 1$aHamann,$bChristian : von$0423525 801 0$aIT$bUNINA$gRICA$2UNIMARC 901 $aBK 912 $a990008137120403321 952 $aCOLLEZIONI 147 (919)$b47141*$fFGBC 959 $aFGBC 996 $aVerwaltungsvertrag im Städtebaurecht$9756699 997 $aUNINA LEADER 02965nam0 22005533i 450 001 VAN00169802 005 20240806101033.91 017 70$2N$a9783319332765 100 $a20210701d2016 |0itac50 ba 101 $aeng 102 $aCH 105 $a|||| ||||| 200 1 $aQualitative Theory of Dynamical Systems, Tools and Applications for Economic Modelling$eLectures Given at the COST Training School on New Economic Complex Geography at Urbino, Italy, 17-19 September 2015$fGian Italo Bischi, Anastasiia Panchuk, Davide Radi editors 210 $aCham$cSpringer$d2016 215 $axvi, 327 p.$cill.$d24 cm 410 1$1001VAN00133298$12001 $aSpringer Proceedings in Complexity$1210 $aBerlin [etc.]$cSpringer 500 1$3VAN00169815$aQualitative Theory of Dynamical Systems, Tools and Applications for Economic Modelling$91813275 606 $a00B25$xProceedings of conferences of miscellaneous specific interest [MSC 2020]$3VANC020732$2MF 606 $a34Cxx$xQualitative theory for ordinary differential equation [MSC 2020]$3VANC020690$2MF 606 $a37-XX$xDynamical systems and ergodic theory [MSC 2020]$3VANC020363$2MF 606 $a37C10$xDynamics induced by flows and semiflows [MSC 2020]$3VANC022343$2MF 606 $a37N40$xDynamical systems in optimization and economics [MSC 2020]$3VANC033693$2MF 606 $a39A60$xApplications of difference equations [MSC 2020]$3VANC031242$2MF 610 $aCOST Action IS1104$9KW:K 610 $aComplex Economic Geography$9KW:K 610 $aComplex Economic Systems$9KW:K 610 $aContinuous-time Dynamical Systems$9KW:K 610 $aDecision-driven Evolving Systems$9KW:K 610 $aDiscrete-time Dynamical Systems$9KW:K 610 $aDynamical Systems and Optimal Control$9KW:K 610 $aEconomic Dynamics$9KW:K 610 $aEvent-driven Evolving Systems$9KW:K 610 $aGeocomplexity Proceedings$9KW:K 610 $aNonlinear Socioeconomic Dynamics$9KW:K 610 $aRegional and Spatial Economics$9KW:K 620 $aCH$dCham$3VANL001889 702 1$aBischi$bGian Italo$3VANV054268 702 1$aPanchuk$bAnastasiia$3VANV153530 702 1$aRadi$bDavide$3VANV153531 712 12$aCOST Training School on New Economic Complex Geography$f2015$eUrbino, Italy$3VANV153532 712 $aSpringer $3VANV108073$4650 801 $aIT$bSOL$c20241115$gRICA 856 4 $uhttp://doi.org/10.1007/978-3-319-33276-5$zE-book ? Accesso al full-text attraverso riconoscimento IP di Ateneo, proxy e/o Shibboleth 899 $aBIBLIOTECA DEL DIPARTIMENTO DI MATEMATICA E FISICA$1IT-CE0120$2VAN08 912 $fN 912 $aVAN00169802 950 $aBIBLIOTECA DEL DIPARTIMENTO DI MATEMATICA E FISICA$d08DLOAD e-book 2826 $e08eMF2826 20210701 996 $aQualitative Theory of Dynamical Systems, Tools and Applications for Economic Modelling$91813275 997 $aUNICAMPANIA